000 01241nam a2200361 a 4500
001 000115418
003 CHAP
005 20220329144534.0
008 190521s2018 mx |r| ||||||spa d
010 _a111879
011 _a112851
020 _a9786071655776
040 _cCHAP
082 0 4 _a347.72
_bF38
100 1 _aFerrer Mac-Gregor, Eduardo.
_9135670
245 1 0 _aReforma al juicio de amparo /
_cpor Eduardo Ferrer Mac-Gregor Eduardo y Rubén Sánchez Gil.
260 _aCiudad de México :
_bFCE,
_c2018.
300 _a124 p.
490 _aAdministración pública.
_pSerie reformas estructurales
590 _aBATCH-UPD
_b05
_c20190521
_lUCH01
_h1000
590 _aE11695DGD
_b10
_c20190521
_lUCH01
_h1425
590 _aE11695DGD
_b10
_c20190521
_lUCH01
_h1532
590 _aE5765TAJ
_b05
_c20190521
_lUCH01
_h0959
650 1 4 _aAdministración pública
_zMéxico.
_9944
650 1 4 _aDerecho constitucional
_xMéxico.
_931886
650 1 4 _aJuicio de amparo
_zMéxico.
_9135672
651 4 _aMéxico
_xPolítica y gobierno
_xReformas
_ySiglo XXI.
_9135621
700 1 _aSánchez Gil, Rubén.
_9135671
830 0 _aAdministración pública
_pSerie reformas estructurales
_9135622
901 _aBK
942 _cLIBRO
942 _n0
999 _c111879
_d111879